000 00326nam a2200109Ia 4500
008 160523s9999 xx 000 0 und d
245 _aMind, Body, World: Foundations of Cognitive Science
245 _c Michael R. W. Dawson
260 _c2013
650 _xPsychology.
856 _uhttp://www.aupress.ca/index.php/books/120227
999 _c294790
_d294790